书目信息 |
| 题名: |
信息检索与文献管理
|
|
| 作者: | 樊瑜 , 吴少杰 主编 | |
| 分册: | ||
| 出版信息: | 武汉 华中科技大学出版社 2021.06 |
|
| 页数: | 300页 | |
| 开本: | 26cm | |
| 丛书名: | 21世纪普通高等学校信息素质教育系列教材 | |
| 单 册: | ||
| 中图分类: | G254.9 , G253.5 | |
| 科图分类: | ||
| 主题词: | 信息检索--xin xi jian suo--高等学校--教材 , 文献管理--wen xian guan li--高等学校--教材 | |
| 电子资源: | ||
| ISBN: | 978-7-5680-7192-5 | |
| 000 | 01323nam 2200289 450 | |
| 001 | 29586 | |
| 005 | 20250909155028.88 | |
| 010 | @a978-7-5680-7192-5@dCNY48.00 | |
| 100 | @a20210727d2021 em y0chiy50 ea | |
| 101 | 0 | @achi |
| 102 | @aCN@b420000 | |
| 105 | @aa a 000yy | |
| 200 | 1 | @a信息检索与文献管理@Axin xi jian suo yu wen xian guan li@f樊瑜, 吴少杰主编@FFan Yu,Wu Shao Jie Zhu Bian |
| 210 | @a武汉@c华中科技大学出版社@d2021.06 | |
| 215 | @a300页@c图@d26cm | |
| 225 | 2 | @a21世纪普通高等学校信息素质教育系列教材@A21 shi ji pu tong gao deng xue xiao xin xi su zhi jiao yu xi lie jiao cai |
| 320 | @a有书目 (第299-300页) | |
| 330 | @a本书共14章。第1章至第10章为资源检索篇, 除了详细闻述传统文献类型的检索, 还增加了自学和考试类免费资源 ; 第11章至第12章为学习工具和知识管理篇, 包括效率提升工具、笔记软件、文献管理与分析软件的使用方法: 第13章至第14章为应用篇, 除了论文写作和信息鉴别, 还对大学生就业、考研等常用信息的检索, 做了具体的介绍。 | |
| 410 | 0 | @12001 @a21世纪普通高等学校信息素质教育系列教材 |
| 606 | 0 | @a信息检索@Axin xi jian suo@x高等学校@j教材 |
| 606 | 0 | @a文献管理@Awen xian guan li@x高等学校@j教材 |
| 690 | @aG254.9@v5 | |
| 690 | @aG253.5@v5 | |
| 701 | 0 | @a樊瑜@Afan yu@4主编 |
| 701 | 0 | @a吴少杰@Awu shao jie@4主编 |
| 801 | 0 | @aCN@b河南城建学院图书馆@c20220910 |
| 905 | @dG254.9@eF0792@f3 | |
| 信息检索与文献管理/樊瑜, 吴少杰主编.-武汉:华中科技大学出版社,2021.06 |
| 300页:图;26cm.-(21世纪普通高等学校信息素质教育系列教材) |
| ISBN 978-7-5680-7192-5:CNY48.00 |
| 本书共14章。第1章至第10章为资源检索篇, 除了详细闻述传统文献类型的检索, 还增加了自学和考试类免费资源 ; 第11章至第12章为学习工具和知识管理篇, 包括效率提升工具、笔记软件、文献管理与分析软件的使用方法: 第13章至第14章为应用篇, 除了论文写作和信息鉴别, 还对大学生就业、考研等常用信息的检索, 做了具体的介绍。 |
| ● |
| 相关链接 |
|
|
|
正题名:信息检索与文献管理
索取号:G254.9/F0792
 
预约/预借
| 序号 | 登录号 | 条形码 | 馆藏地/架位号 | 状态 | 备注 |
| 1 | 1555364 | 215553648 | 研究生处资料室/ [索取号:G254.9/F0792] | 在馆 | |
| 2 | 1583360 | 215833604 | 社科库409/409社科库 59排6列2层/ [索取号:G254.9/F079-2] | 在馆 | |
| 3 | 1583361 | 215833613 | 社科库409/409社科库 59排6列2层/ [索取号:G254.9/F079-2] | 在馆 | |
| 4 | 1583362 | 215833622 | 社科库409/409社科库 59排6列2层/ [索取号:G254.9/F079-2] | 在馆 |